[Event "Walsrode Chessemy op-A"]
[Site "Walsrode"]
[Date "2023.03.10"]
[Round "7"]
[White "Paashaus, Detlef"]
[Black "Launert, Martin"]
[Result "1/2-1/2"]
[WhiteElo "1953"]
[BlackElo "1838"]
[PlyCount "51"]
[EventDate "2023.03.04"]
[EventType "swiss"]
[EventRounds "9"]
[EventCountry "GER"]
[SourceTitle "CBM 213 Extra"]
[Source "ChessBase"]
[SourceDate "2023.05.31"]
[SourceVersion "1"]
[SourceVersionDate "2023.05.31"]
[SourceQuality "1"]

1. e4 e5 2. Nf3 Nc6 3. c3 d6 4. d4 exd4 5. cxd4 Nf6 6. h3 Be7 7. Bd3 0-0 8. Nc3 Ne8 9. 0-0 Nb4 10. Bb1 d5 11. exd5 Nxd5 12. Nxd5 Qxd5 13. Re1 Bf6 14. Bg5 Qd8 15. Bxf6 Nxf6 16. Bc2 Re8 17. Ng5 Rxe1+ 18. Qxe1 h6 19. Nf3 Be6 20. Qd1 Qd6 21. Bb3 Rd8 22. Bxe6 Qxe6 23. Qa4 a6 24. Re1 Qd7 25. Qb3 Qd5 26. Qc3 1/2-1/2

[Event "Reinstorf op"]
[Site "Reinstorf"]
[Date "2022.01.30"]
[Round "2"]
[White "Launert, Martin"]
[Black "Back, Andreas"]
[Result "1-0"]
[WhiteElo "1790"]
[BlackElo "1450"]
[PlyCount "119"]
[EventDate "2022.01.29"]
[EventType "swiss"]
[EventRounds "9"]
[EventCountry "GER"]
[SourceTitle "CBM 206 Extra"]
[Source "ChessBase"]
[SourceDate "2022.03.31"]
[SourceVersion "1"]
[SourceVersionDate "2022.03.31"]
[SourceQuality "1"]

1. e4 e5 2. Nf3 Nc6 3. Bb5 d6 4. d4 Bd7 5. d5 Nb8 6. Bd3 Nf6 7. Nbd2 Be7 8. Nf1 c6 9. c4 0-0 10. Ng3 cxd5 11. cxd5 Qb6 12. 0-0 Bg4 13. h3 Bxf3 14. Qxf3 Nbd7 15. Qe2 Qd8 16. b4 Ne8 17. Nf5 Bg5 18. Bb5 Bxc1 19. Rfxc1 a6 20. Bxd7 Qxd7 21. Rc3 Nf6 22. Rac1 Rfd8 23. Qf3 Ne8 24. Qg3 g6 25. Nh6+ Kf8 26. Rf3 f6 27. Rfc3 Rac8 28. h4 Rxc3 29. Rxc3 Rc8 30. Rxc8 Qxc8 31. Qe3 Kg7 32. h5 Qc4 33. a3 Qd4 34. Qxd4 exd4 35. Ng4 gxh5 36. Nh2 b5 37. Kf1 Kg6 38. Nf3 f5 39. Nh4+ Kf6 40. Nxf5 Ke5 41. f3 Nf6 42. Ne7 Kf4 43. Kf2 Ke5 44. Nc6+ Kf4 45. g3+ Kg5 46. Nxd4 Ne8 47. Ne6+ Kf6 48. f4 Kf7 49. Ke3 Nf6 50. Nc7 Ne8 51. Nxa6 Ke7 52. Nb8 Nc7 53. Nc6+ Kf6 54. Nd4 Kf7 55. Nf3 h6 56. Kd4 Ke7 57. e5 Ne8 58. e6 Nf6 59. Nh4 Kf8 60. Nf5 1-0

[Event "Heusenstamm Sparkassen op-A 6th"]
[Site "Heusenstamm"]
[Date "2019.11.22"]
[Round "3"]
[White "Ochs, Daniel Elias"]
[Black "Launert, Martin"]
[Result "1-0"]
[WhiteElo "2055"]
[BlackElo "1853"]
[PlyCount "46"]
[EventDate "2019.11.21"]
[EventType "swiss"]
[EventRounds "7"]
[EventCountry "GER"]
[SourceTitle "CBM 194 Extra"]
[Source "ChessBase"]
[SourceDate "2020.03.31"]
[SourceVersion "1"]
[SourceVersionDate "2020.03.31"]
[SourceQuality "1"]

1. d4 d5 2. c4 e6 3. Nf3 Nf6 4. e3 Be7 5. b3 0-0 6. Bd3 Nbd7 7. 0-0 Re8 8. Bb2 Nf8 9. Ne5 N6d7 10. Nxd7 Bxd7 11. Nd2 c6 12. Nf3 Ng6 13. e4 dxe4 14. Bxe4 Bf6 15. Ne5 Qc7 16. f4 Rad8 17. Qh5 c5 18. Rf3 Bc6 19. Bxc6 bxc6 20. dxc5 Rd2 21. Bc3 Re2 22. Raf1 Nxe5 23. Bxe5 Rxa2 1-0

[Event "Heusenstamm Sparkassen op-A 6th"]
[Site "Heusenstamm"]
[Date "2019.11.21"]
[Round "1"]
[White "Chandler, Patrick"]
[Black "Launert, Martin"]
[Result "1-0"]
[WhiteElo "2124"]
[BlackElo "1853"]
[PlyCount "49"]
[EventDate "2019.11.21"]
[EventType "swiss"]
[EventRounds "7"]
[EventCountry "GER"]
[SourceTitle "CBM 194 Extra"]
[Source "ChessBase"]
[SourceDate "2020.03.31"]
[SourceVersion "1"]
[SourceVersionDate "2020.03.31"]
[SourceQuality "1"]

1. b4 e5 2. Bb2 d6 3. e3 Nf6 4. c4 g6 5. Nc3 Bg7 6. Nf3 Nc6 7. a3 0-0 8. Qc2 Ne7 9. d3 c6 10. Be2 Bd7 11. 0-0 Qc7 12. Rac1 a6 13. Rfd1 Rac8 14. c5 Bg4 15. d4 exd4 16. Nxd4 d5 17. h3 Bxe2 18. Ndxe2 Nd7 19. e4 dxe4 20. Nxe4 Nd5 21. N2c3 Nxc3 22. Bxc3 Bxc3 23. Qxc3 Qe5 24. Qxe5 Nxe5 25. f4 1-0

[Event "Heusenstamm Sparkassen op-A 4th"]
[Site "Heusenstamm"]
[Date "2017.11.25"]
[Round "4"]
[White "Launert, Martin"]
[Black "Kuhn, Gerhard"]
[Result "0-1"]
[WhiteElo "1879"]
[BlackElo "2035"]
[PlyCount "116"]
[EventDate "2017.11.23"]
[EventType "swiss"]
[EventRounds "7"]
[EventCountry "GER"]
[SourceTitle "EXT 2019"]
[Source "ChessBase"]
[SourceDate "2018.10.10"]
[SourceVersion "1"]
[SourceVersionDate "2018.10.10"]
[SourceQuality "1"]

1. e4 c6 2. d4 d5 3. Nc3 dxe4 4. Nxe4 Bf5 5. Ng3 Bg6 6. h4 h6 7. h5 Bh7 8. Nf3 Nd7 9. Bd3 Bxd3 10. Qxd3 e6 11. Bd2 Ngf6 12. Qe2 Qc7 13. 0-0-0 Bd6 14. Nf5 Rg8 15. Nxd6+ Qxd6 16. g3 Qd5 17. Kb1 Qe4 18. Be3 0-0-0 19. Nd2 Qg4 20. Qc4 Nb6 21. Qc5 Nfd5 22. Qa3 Nxe3 23. fxe3 a6 24. Rdg1 Rd5 25. Rh4 Qe2 26. Qd3 Qxd3 27. cxd3 Rf5 28. Rf1 Rxf1+ 29. Nxf1 Nd5 30. a3 g5 31. hxg6 Rxg6 32. e4 Ne7 33. Kc2 Kd7 34. Kd2 Ng8 35. Ke3 Rg5 36. Rf4 Ke8 37. Rf2 Ke7 38. Kf3 f5 39. Ke3 Nf6 40. Rc2 Rg4 41. Rh2 fxe4 42. Rxh6 Rg7 43. Rh4 exd3 44. Kxd3 Kd6 45. Rf4 Nd5 46. Rf8 Ne7 47. Rf3 Nf5 48. Ke4 Rg4+ 49. Kd3 Rxd4+ 50. Kc3 c5 51. Nd2 b5 52. b4 Rg4 53. Rd3+ Kc6 54. bxc5 Kxc5 55. Nf1 Ra4 56. Kb2 Nd6 57. Ne3 Re4 58. g4 Rxe3 0-1

[Event "Heusenstamm Sparkassen op-A 4th"]
[Site "Heusenstamm"]
[Date "2017.11.24"]
[Round "3"]
[White "Launert, Martin"]
[Black "Meyer, Marcel"]
[Result "1-0"]
[WhiteElo "1879"]
[BlackElo "1751"]
[PlyCount "43"]
[EventDate "2017.11.23"]
[EventType "swiss"]
[EventRounds "7"]
[EventCountry "GER"]
[SourceTitle "EXT 2019"]
[Source "ChessBase"]
[SourceDate "2018.10.10"]
[SourceVersion "1"]
[SourceVersionDate "2018.10.10"]
[SourceQuality "1"]

1. e4 c6 2. d4 d5 3. Nc3 dxe4 4. Nxe4 Bf5 5. Ng3 Bg6 6. Nf3 e6 7. h4 h6 8. Bd3 Bxd3 9. Qxd3 Nd7 10. Bf4 Qa5+ 11. Bd2 Qc7 12. 0-0-0 Ngf6 13. Rhe1 Bd6 14. Nf5 Bf8 15. g3 Ng4 16. Qe2 0-0-0 17. Ne3 Nxe3 18. Bxe3 Bd6 19. Nd2 Nf6 20. Nc4 Be7 21. Bf4 Qd7 22. Qe5 1-0